[Event "Kostroma Volga Cup op"]
[Site "Kostroma"]
[Date "2009.07.??"]
[Round "1"]
[White "Gargolin, Pavel"]
[Black "Nemonov, Dmitry"]
[Result "1/2-1/2"]
[WhiteElo "2064"]
[BlackElo "1845"]
[PlyCount "41"]
[EventDate "2009.07.03"]
[EventType "swiss"]
[EventRounds "9"]
[EventCountry "RUS"]
[SourceTitle "EXT 2021"]
[Source "ChessBase"]
[SourceDate "2020.10.23"]
[SourceVersion "1"]
[SourceVersionDate "2020.10.23"]
[SourceQuality "1"]

1. e4 c5 2. c3 Nf6 3. e5 Nd5 4. d4 cxd4 5. cxd4 d6 6. Ne2 Nc6 7. f4 Bf5 8. a3 dxe5 9. fxe5 e6 10. Nbc3 Qh4+ 11. g3 Nxc3 12. bxc3 Qe4 13. Rg1 Bg4 14. Bg2 Bf3 15. Bxf3 Qxf3 16. Rf1 Qe4 17. Qb3 Be7 18. Rf4 Qh1+ 19. Rf1 Qe4 20. Rf4 Qh1+ 21. Rf1 1/2-1/2

[Event "Kostroma Volga Cup op"]
[Site "Kostroma"]
[Date "2009.07.??"]
[Round "4"]
[White "Nemonov, Dmitry"]
[Black "Bykov, Evgeny Mikhailovich"]
[Result "0-1"]
[WhiteElo "1845"]
[BlackElo "2058"]
[PlyCount "76"]
[EventDate "2009.07.03"]
[EventType "swiss"]
[EventRounds "9"]
[EventCountry "RUS"]
[SourceTitle "EXT 2021"]
[Source "ChessBase"]
[SourceDate "2020.10.23"]
[SourceVersion "1"]
[SourceVersionDate "2020.10.23"]
[SourceQuality "1"]

1. e4 e5 2. Nf3 Nc6 3. Bb5 a6 4. Ba4 Nf6 5. 0-0 Nxe4 6. Re1 Nc5 7. Nc3 Ne6 8. Bxc6 dxc6 9. Nxe5 Be7 10. d3 0-0 11. Ne4 f6 12. Nf3 Rf7 13. Be3 Nf8 14. Ng3 g6 15. Qd2 Bg4 16. Nd4 c5 17. Nde2 Bd7 18. Nf4 Bc6 19. Rad1 Qd7 20. Qc3 g5 21. Nfe2 f5 22. Bc1 Qd5 23. f3 Ne6 24. Qc4 Qd6 25. Qc3 Rd8 26. Kh1 b5 27. a3 Qd5 28. Qb3 Qd6 29. c3 Kh8 30. d4 c4 31. Qc2 Qd5 32. Ng1 Bd6 33. Qf2 Nf4 34. Bxf4 Bxf4 35. Nh3 Qd6 36. Nxf4 Qxf4 37. Nh5 Qd6 38. Re5 Qxe5 0-1

[Event "RUS-ch U14"]
[Site "Dagomys"]
[Date "2009.04.18"]
[Round "4"]
[White "Nemonov, Dmitry"]
[Black "Moiseev, Alexandr A"]
[Result "0-1"]
[WhiteElo "1787"]
[BlackElo "2169"]
[PlyCount "56"]
[EventDate "2009.04.15"]
[EventType "swiss"]
[EventRounds "9"]
[EventCountry "RUS"]
[SourceTitle "CBM 130 Extra"]
[Source "ChessBase"]
[SourceDate "2009.07.02"]
[SourceVersion "2"]
[SourceVersionDate "2009.07.15"]
[SourceQuality "1"]

1. e4 e6 2. d4 d5 3. e5 c5 4. c3 Nc6 5. Nf3 Bd7 6. a3 Rc8 7. b4 cxd4 8. cxd4 Qb6 9. Be3 Nge7 10. Be2 Nf5 11. 0-0 Be7 12. Ra2 f6 13. Bd3 0-0 14. Bxf5 exf5 15. Bf4 Be6 16. Re1 Bf7 17. Qd3 Bh5 18. Rd2 Bxf3 19. Qxf3 Rfd8 20. Red1 a5 21. Nc3 axb4 22. Nxd5 Qa5 23. Nxe7+ Nxe7 24. Qxb7 Nd5 25. axb4 Qa4 26. exf6 Nxf6 27. Bd6 Rc6 28. Bb8 Rd7 0-1

[Event "RUS-ch U14"]
[Site "Dagomys"]
[Date "2009.04.17"]
[Round "3"]
[White "Letov, Petr"]
[Black "Nemonov, Dmitry"]
[Result "1-0"]
[WhiteElo "2166"]
[BlackElo "1787"]
[PlyCount "71"]
[EventDate "2009.04.15"]
[EventType "swiss"]
[EventRounds "9"]
[EventCountry "RUS"]
[SourceTitle "CBM 130 Extra"]
[Source "ChessBase"]
[SourceDate "2009.07.02"]
[SourceVersion "2"]
[SourceVersionDate "2009.07.15"]
[SourceQuality "1"]

1. e4 c5 2. Nf3 e6 3. d4 cxd4 4. Nxd4 Nf6 5. Nc3 Nc6 6. Ndb5 d6 7. Bf4 e5 8. Bg5 a6 9. Na3 b5 10. Nd5 Be7 11. Bxf6 Bxf6 12. c4 b4 13. Nc2 a5 14. Qf3 Bg5 15. h4 Bh6 16. g4 Bf4 17. Nxf4 Qf6 18. 0-0-0 Qxf4+ 19. Qxf4 exf4 20. Rxd6 Ne5 21. g5 Be6 22. Rd4 0-0 23. b3 Rfd8 24. Rd5 Bxd5 25. exd5 a4 26. Kb2 axb3 27. axb3 Rab8 28. Nd4 Rb7 29. Be2 Nd7 30. Ra1 Nc5 31. Ra5 Rc7 32. d6 Rcc8 33. Nf5 Nb7 34. Ra7 Nc5 35. Ne7+ Kf8 36. Nxc8 1-0

[Event "RUS-ch U14"]
[Site "Dagomys"]
[Date "2009.04.15"]
[Round "1"]
[White "Palchun, Grigory"]
[Black "Nemonov, Dmitry"]
[Result "0-1"]
[WhiteElo "2106"]
[BlackElo "1787"]
[PlyCount "118"]
[EventDate "2009.04.15"]
[EventType "swiss"]
[EventRounds "9"]
[EventCountry "RUS"]
[SourceTitle "CBM 130 Extra"]
[Source "ChessBase"]
[SourceDate "2009.07.02"]
[SourceVersion "2"]
[SourceVersionDate "2009.07.15"]
[SourceQuality "1"]

1. d4 Nf6 2. Nf3 e6 3. Bg5 h6 4. Bxf6 Qxf6 5. e4 b6 6. Nbd2 Bb7 7. Bd3 d6 8. 0-0 Nd7 9. c3 g5 10. Qa4 a6 11. e5 Qf4 12. Rae1 dxe5 13. Nxe5 b5 14. Qc2 Bd6 15. g3 Qf6 16. Nxd7 Kxd7 17. Be4 Bxe4 18. Nxe4 Qf5 19. d5 Rhe8 20. dxe6+ Rxe6 21. b4 Qg6 22. Qd3 Ke7 23. Qd5 Rd8 24. Qb7 Kf8 25. Re3 Bf4 26. Nc5 Bxe3 27. Nxe6+ Qxe6 28. fxe3 Qxe3+ 29. Kh1 Qxc3 30. Qxa6 c6 31. Qa7 Qc4 32. Qf2 Qd5+ 33. Kg1 Qd4 34. Qxd4 Rxd4 35. Rf6 Rxb4 36. Rxc6 Kg7 37. Rb6 Rb1+ 38. Kg2 Rb2+ 39. Kg1 b4 40. Ra6 f6 41. g4 Kg6 42. Rb6 h5 43. gxh5+ Kxh5 44. Rxf6 Rxa2 45. Rb6 Rb2 46. Rb8 Kg4 47. Kf1 b3 48. Ke1 Rb1+ 49. Kf2 Rb2+ 50. Ke1 Rxh2 51. Rxb3 Rh3 52. Rb5 Rf3 53. Ke2 Rf8 54. Rb7 Kg3 55. Rb3+ Kg2 56. Re3 g4 57. Re4 g3 58. Re6 Kg1 59. Re7 g2 0-1